[Event "I Open Filadelfia.Chess"]
[Site "Filadelfia ITA"]
[Date "2009.12.06"]
[Round "3"]
[White "Carbone, Stefano"]
[Black "Luppino, Domenico"]
[Result "1-0"]
[WhiteElo "1758"]
[BlackElo "1536"]
[PlyCount "127"]
[EventDate "2009.12.05"]

1. e4 e5 2. Nf3 d6 3. d4 Nc6 4. Be3 Bg4 5. d5 Nce7 6. h3 Bxf3 7. Qxf3 Nf6 8. c4
Ng6 9. Nc3 c6 10. Bd3 Be7 11. O-O O-O 12. Rfe1 a6 13. a4 c5 14. a5 h6 15. Ne2
Qd7 16. Ng3 Nh4 17. Qe2 Nh7 18. Nf5 Nxf5 19. exf5 Bg5 20. Bxg5 Nxg5 21. h4 Nh7
22. Reb1 Qe7 23. g3 Nf6 24. Be4 Nxe4 25. Qxe4 Rac8 26. f3 Rfd8 27. Ra3 f6 28.
Rb3 Rc7 29. Kf2 Qd7 30. Ra1 Rb8 31. Rb6 Rbc8 32. Qc2 Re8 33. Re1 Kf8 34. Ra1
Re7 35. Qe4 Re8 36. Rb3 Rb8 37. Ke2 b5 38. axb6 Rcb7 39. Rxa6 Qd8 40. Qc2 Rxb6
41. Raxb6 Rxb6 42. Ra3 Qb8 43. b3 Qb7 44. Qa2 Kg8 45. Kd2 Qd7 46. g4 Qe7 47.
Ra7 Rb7 48. Ra8+ Kh7 49. Qa4 Qf7 50. Kc3 h5 51. Qc6 Qd7 52. Qxd7 Rxd7 53. b4
cxb4+ 54. Kxb4 hxg4 55. fxg4 Re7 56. c5 dxc5+ 57. Kxc5 Rc7+ 58. Kb6 Rc4 59. g5
fxg5 60. hxg5 e4 61. Re8 g6 62. f6 Rb4+ 63. Kc5 Rb7 64. Re7+ 1-0

[Event "I Open Filadelfia.Chess"]
[Site "Filadelfia ITA"]
[Date "2009.12.06"]
[Round "3"]
[White "Costantino, Gregorio"]
[Black "Cicero, Angelo"]
[Result "1-0"]
[WhiteElo "1413"]
[BlackElo "1437"]
[PlyCount "95"]
[EventDate "2009.12.05"]

1. Nf3 d5 2. d3 Bg4 3. Nbd2 e6 4. e4 dxe4 5. dxe4 Nc6 6. c3 Nf6 7. Be2 Bc5 8.
b4 Bb6 9. Qc2 Qd6 10. Nc4 Qd8 11. Nxb6 cxb6 12. O-O Qd6 13. Rd1 Qe7 14. a4 a6
15. Ba3 b5 16. a5 O-O 17. Bc1 Bxf3 18. Bxf3 h6 19. Be3 Rfd8 20. Bc5 Rxd1+ 21.
Rxd1 Qc7 22. Qe2 Qe5 23. Qe3 g5 24. Bd4 Nxd4 25. cxd4 Qc7 26. Rc1 Qd8 27. Rd1
Rb8 28. d5 exd5 29. exd5 Qd6 30. h3 Qxb4 31. d6 Rd8 32. Qe7 Re8 33. Qxf6 Re1+
34. Rxe1 Qxe1+ 35. Kh2 Qe8 36. Qe7 Qb8 37. Bd5 b4 38. Qxf7+ Kh8 39. Qf6+ Kh7
40. Qf7+ Kh8 41. Qc7 Qf8 42. d7 b3 43. d8=R Qxd8 44. Qxd8+ Kg7 45. Bxb3 Kg6 46.
g4 Kg7 47. Qd7+ Kg6 48. Qf7# 1-0

[Event "I Open Filadelfia.Chess"]
[Site "Filadelfia ITA"]
[Date "2009.12.06"]
[Round "3"]
[White "Dagnino, Marcello"]
[Black "Rametta, Marcello"]
[Result "1/2-1/2"]
[WhiteElo "1565"]
[BlackElo "1771"]
[PlyCount "86"]
[EventDate "2009.12.05"]

1. e4 c5 2. Nf3 Nc6 3. c3 e6 4. d4 cxd4 5. cxd4 d5 6. e5 Qc7 7. Nc3 a6 8. Be2
Bb4 9. Bd2 Nge7 10. Bd3 b5 11. Rc1 Qa7 12. Ne2 Ba5 13. Bxa5 Nxa5 14. b3 Nac6
15. Qd2 Bd7 16. O-O h6 17. g4 h5 18. g5 g6 19. h4 Qb6 20. Rc2 b4 21. Rfc1 O-O
22. Rc5 Rac8 23. Qc2 Na7 24. Qd2 a5 25. Kg2 Bb5 26. Rxc8 Rxc8 27. Rxc8+ Nexc8
28. Ne1 Ne7 29. Nf3 Bxd3 30. Qxd3 Nf5 31. Kh3 Nb5 32. Qd2 Qc6 33. Qd3 Na3 34.
Ne1 Kf8 35. Qd2 Ke7 36. Qd3 Kd7 37. Qd2 Nb1 38. Qd3 Nc3 39. Qd2 Qb5 40. Ng3 Nb1
41. Qc2 Nxg3 42. Kxg3 Nc3 43. Nd3 Ke7 1/2-1/2

[Event "I Open Filadelfia.Chess"]
[Site "Filadelfia ITA"]
[Date "2009.12.06"]
[Round "3"]
[White "Familari, Giuseppe"]
[Black "Violi, Vincenzo"]
[Result "1-0"]
[WhiteElo "1832"]
[BlackElo "1590"]
[PlyCount "64"]
[EventDate "2009.12.05"]

1. e4 c5 2. c3 Nf6 3. e5 Nd5 4. d4 cxd4 5. Nf3 e6 6. cxd4 d6 7. Nc3 Nc6 8. Bd3
dxe5 9. dxe5 Nxc3 10. bxc3 Qa5 11. O-O Qxc3 12. Rb1 Be7 13. Qe2 Qa5 14. Re1 Bb4
15. Rd1 a6 16. Bf4 Ne7 17. Ng5 h6 18. Ne4 Nd5 19. Rxb4 Qxb4 20. Nd6+ Ke7 21.
Bg3 Nc3 22. Qd2 Nd5 23. Qe2 Nc3 24. Qh5 g6 25. Qf3 Nxd1 26. Qf6+ Kd7 27. Qxh8
Kc7 28. Qe8 Qe1+ 29. Bf1 Ne3 30. fxe3 Qxe3+ 31. Bf2 Qxe5 32. Nb5+ Kb8 1-0

[Event "I Open Filadelfia.Chess"]
[Site "Filadelfia ITA"]
[Date "2009.12.06"]
[Round "3"]
[White "Fariselli, Umberto"]
[Black "Berardi, Emiliano"]
[Result "0-1"]
[WhiteElo "1488"]
[BlackElo "1503"]
[PlyCount "86"]
[EventDate "2009.12.05"]

1. e4 c6 2. Nf3 d5 3. d3 dxe4 4. dxe4 Qxd1+ 5. Kxd1 Bg4 6. Be2 Nd7 7. h3 Bh5 8.
g4 Bg6 9. Nc3 O-O-O 10. Bd2 Ngf6 11. Bd3 Nc5 12. Ke2 Nfxe4 13. Ne5 Nxd3 14.
Nxg6 Nxc3+ 15. Bxc3 hxg6 16. cxd3 f6 17. Rad1 e5 18. f3 g5 19. Kf2 Bc5+ 20. Kg2
Bd4 21. Rhe1 Rd5 22. Bxd4 Rxd4 23. Re2 Rhd8 24. Red2 c5 25. b3 Kc7 26. Kf2 Kc6
27. a3 b5 28. Ke3 g6 29. Rc1 Kb6 30. Rh1 c4 31. bxc4 bxc4 32. Rb2+ Ka6 33. dxc4
Rxc4 34. Ra1 Rc3+ 35. Kf2 Rdd3 36. Re2 Rxf3+ 37. Ke1 Rxh3 38. Kd2 Rxa3 39. Rc1
Ra2+ 40. Kd1 Rh1+ 41. Re1 Rhh2 42. Rc6+ Kb7 43. Rxf6 Ra1# 0-1

[Event "I Open Filadelfia.Chess"]
[Site "Filadelfia ITA"]
[Date "2009.12.06"]
[Round "3"]
[White "Fenocchio, Renato"]
[Black "Olivo, Paolo"]
[Result "0-1"]
[WhiteElo "1518"]
[BlackElo "1679"]
[PlyCount "44"]
[EventDate "2009.12.05"]

1. d4 Nf6 2. c4 e6 3. Nf3 b6 4. Bg5 Bb7 5. e3 Be7 6. Bd3 O-O 7. O-O d5 8. Nbd2
Nbd7 9. Re1 h6 10. Bxf6 Nxf6 11. Ne5 Rc8 12. Rc1 c5 13. cxd5 Qxd5 14. Qf3 cxd4
15. exd4 Qxf3 16. Ndxf3 Bb4 17. Red1 Rfd8 18. a3 Be7 19. Bb1 Nd5 20. Be4 f5 21.
Bxd5 Bxd5 22. Rd3 Rxc1+ 0-1

[Event "I Open Filadelfia.Chess"]
[Site "Filadelfia ITA"]
[Date "2009.12.06"]
[Round "3"]
[White "Mantello, Filippo"]
[Black "Zampaglione, Francesco"]
[Result "0-1"]
[WhiteElo "1640"]
[BlackElo "1425"]
[PlyCount "54"]
[EventDate "2009.12.05"]

1. e4 d6 2. d4 Nf6 3. Nc3 Nbd7 4. Bg5 e5 5. Nf3 Be7 6. Bc4 O-O 7. Qd3 h6 8. Bh4
c6 9. dxe5 dxe5 10. O-O-O b5 11. Bb3 Qb6 12. Qe2 a5 13. a3 a4 14. Ba2 Re8 15.
Kd2 Ba6 16. Qe1 Red8 17. Rb1 b4 18. axb4 Bxb4 19. h3 Nxe4+ 20. Kc1 Nef6 21.
Nxe5 Nxe5 22. Qxe5 Re8 23. Qg3 Ne4 24. Qf3 Nxc3 25. Bxf7+ Kh8 26. Bxe8 Ne2+ 27.
Kd1 Rd8+ 0-1

[Event "I Open Filadelfia.Chess"]
[Site "Filadelfia ITA"]
[Date "2009.12.06"]
[Round "3"]
[White "Piccoli, Vincenzo"]
[Black "Arnetta, Maria Teresa"]
[Result "0-1"]
[WhiteElo "2014"]
[BlackElo "2046"]
[PlyCount "49"]
[EventDate "2009.12.05"]

1. e4 c5 2. Nf3 Nc6 3. d4 cxd4 4. Nxd4 e5 5. Nb5 d6 6. N5c3 a6 7. Bc4 Nf6 8.
Bg5 Be7 9. Bxf6 Bxf6 10. Nd5 Bg5 11. Nbc3 b5 12. Bb3 Nd4 13. Ne2 Bg4 14. f3
Bh4+ 15. Kf1 Nxf3 16. h3 Bh5 17. gxf3 Bxf3 18. Rg1 Qd7 19. Ne3 Qxh3+ 20. Ng2
Bxe4 21. Nef4 exf4 22. Qh5 O-O 23. Rd1 Bf3 24. Rd3 Rae8 25. Qxh4 0-1

[Event "I Open Filadelfia.Chess"]
[Site "Filadelfia ITA"]
[Date "2009.12.06"]
[Round "3"]
[White "Santagati, Alessandro"]
[Black "Forlano, Luigi"]
[Result "1-0"]
[WhiteElo "2176"]
[BlackElo "2018"]
[PlyCount "105"]
[EventDate "2009.12.05"]

1. d4 d5 2. c4 c6 3. e3 Nf6 4. Nc3 a6 5. Nf3 b5 6. cxd5 cxd5 7. Be2 Bb7 8. O-O
e6 9. Bd2 Nbd7 10. Rc1 Bd6 11. a3 O-O 12. Na2 Qb6 13. Bb4 Rfc8 14. Bxd6 Qxd6
15. b4 Ne4 16. Nd2 Rxc1 17. Nxc1 Nc3 18. Qc2 Rc8 19. Ndb3 Nxe2+ 20. Qxe2 Nb6
21. Nc5 Qc7 22. f4 Nc4 23. f5 exf5 24. Rxf5 Re8 25. Rf3 Bc8 26. Rg3 Qe7 27.
N1d3 Nxe3 28. Nf4 Ng4 29. Qxe7 Rxe7 30. Ncd3 Nf6 31. Rg5 Be6 32. Nc5 Kf8 33.
Nfxe6+ fxe6 34. Nxa6 Ra7 35. Nc5 Rxa3 36. h3 Ra1+ 37. Kh2 Rb1 38. Nxe6+ Ke7 39.
Nc7 g6 40. Re5+ Kd7 41. Na6 Rd1 42. Nc5+ Kd8 43. g4 Rb1 44. g5 Rb2+ 45. Kg3
Nh5+ 46. Kf3 Rxb4 47. Rxd5+ Ke7 48. Rd7+ Ke8 49. Ke4 Ng3+ 50. Ke5 Nf5 51. Rxh7
Nxd4 52. Kf6 Kd8 53. Rh8+ 1-0

[Event "I Open Filadelfia.Chess"]
[Site "Filadelfia ITA"]
[Date "2009.12.06"]
[Round "3"]
[White "Scerbo, Antonio"]
[Black "Blasco, Domenico"]
[Result "1-0"]
[WhiteElo "2095"]
[BlackElo "1968"]
[PlyCount "97"]
[EventDate "2009.12.05"]

1. d4 Nf6 2. Nf3 c5 3. d5 b5 4. c4 Bb7 5. b3 g6 6. Bb2 Bg7 7. e4 bxc4 8. bxc4
d6 9. Bd3 O-O 10. O-O Nbd7 11. Nbd2 Re8 12. Rb1 Qc7 13. Re1 Ng4 14. Bxg7 Kxg7
15. Qc2 Rab8 16. h3 Nge5 17. Nxe5 Nxe5 18. f4 Nxd3 19. Qxd3 e6 20. Nf3 Re7 21.
f5 exf5 22. exf5 Rxe1+ 23. Rxe1 Qd8 24. Nd2 Bc8 25. fxg6 hxg6 26. Ne4 Bf5 27.
Qc3+ f6 28. Nxf6 Kf7 29. Ne4 Qe7 30. Nxc5 Qxe1+ 31. Qxe1 Rb1 32. Qxb1 Bxb1 33.
Nb7 Ke7 34. a3 Kd7 35. Kf2 Kc7 36. Na5 Kb6 37. Nb3 a5 38. Ke3 a4 39. Nd2 Bf5
40. g4 Bc2 41. Ne4 Kc7 42. Kd4 Kd7 43. h4 Ke7 44. h5 gxh5 45. gxh5 Bd1 46. h6
Kf7 47. Nxd6+ Kg6 48. c5 Kxh6 49. c6 1-0

[Event "I Open Filadelfia.Chess"]
[Site "Filadelfia ITA"]
[Date "2009.12.06"]
[Round "3"]
[White "Scerra, Ezio"]
[Black "Scalise, Sandro"]
[Result "0-1"]
[WhiteElo "1326"]
[BlackElo "1676"]
[PlyCount "82"]
[EventDate "2009.12.05"]

1. c4 g6 2. g3 Bg7 3. Bg2 Nf6 4. Nf3 O-O 5. Nc3 d6 6. d4 c6 7. O-O Bg4 8. Re1
Qc7 9. Bf4 Nh5 10. Be3 e5 11. Ng5 h6 12. f3 Bd7 13. dxe5 dxe5 14. Nge4 Be6 15.
g4 Rd8 16. Qc2 Nf4 17. b3 Nd7 18. Rad1 Bf8 19. Rd2 f5 20. Rxd7 Rxd7 21. Nf6+
Kg7 22. Nxd7 Bxd7 23. Bxf4 exf4 24. e4 fxe3 25. Rxe3 Bc5 26. Nd1 Qf4 27. Qd3
Bxe3+ 28. Nxe3 Be6 29. h3 Re8 30. Bf1 Bxc4 31. Qc3+ Kh7 32. Qxc4 Qxe3+ 33. Kg2
Qd2+ 34. Kg1 Kg7 35. Qd3 Qe3+ 36. Qxe3 Rxe3 37. Kf2 Re5 38. gxf5 Rxf5 39. Ke3
Kf6 40. f4 g5 41. fxg5+ Kxg5 0-1

[Event "I Open Filadelfia.Chess"]
[Site "Filadelfia ITA"]
[Date "2009.12.06"]
[Round "3"]
[White "Serratore, Vincenzo"]
[Black "Caizzone, Vito"]
[Result "0-1"]
[WhiteElo "1909"]
[BlackElo "2149"]
[PlyCount "100"]
[EventDate "2009.12.05"]

1. d4 Nf6 2. Nd2 d6 3. Ngf3 g6 4. e3 Bg7 5. Bd3 Nbd7 6. Qe2 c6 7. c3 Qc7 8. Ne4
Nxe4 9. Bxe4 d5 10. Bc2 e5 11. O-O e4 12. Nd2 f5 13. f3 Nf6 14. f4 Be6 15. b3
O-O 16. a4 Rf7 17. b4 Bh6 18. Nb3 g5 19. Nc5 Bc8 20. a5 gxf4 21. exf4 Bf8 22.
Be3 Rg7 23. Kh1 Bd6 24. g3 Bd7 25. Nxd7 Qxd7 26. Bd1 Kh8 27. Ra2 Rag8 28. Qe1
Qf7 29. Rg2 Qg6 30. Rfg1 Qh6 31. Be2 Qh3 32. Qf1 Rg6 33. Rf2 Rxg3 34. Rxg3 Rxg3
35. Qxh3 Rxh3 36. Bd2 e3 37. Kg2 Rxh2+ 38. Kxh2 exf2 39. c4 dxc4 40. Bxc4 Ne4
41. Be3 Kg7 42. b5 cxb5 43. Bxb5 a6 44. Bd3 Bc7 45. Kg2 Bxa5 46. d5 Kf7 47. Bc1
Bc7 48. Kf3 Ke7 49. Ba3+ Bd6 50. Bb2 f1=Q+ 0-1

[Event "I Open Filadelfia.Chess"]
[Site "Filadelfia ITA"]
[Date "2009.12.06"]
[Round "3"]
[White "Soluri, Francesco"]
[Black "Merendino, Riccardo"]
[Result "0-1"]
[WhiteElo "1640"]
[BlackElo "1884"]
[PlyCount "96"]
[EventDate "2009.12.05"]

1. d4 d5 2. Bf4 Nf6 3. Nf3 e6 4. e3 c5 5. Nbd2 a6 6. c3 Nc6 7. Bd3 Be7 8. O-O
O-O 9. Re1 b6 10. Ne5 Bb7 11. Ndf3 Nxe5 12. Nxe5 Re8 13. h3 h6 14. Ng4 Nxg4 15.
Qxg4 Bg5 16. Bxg5 Qxg5 17. Qxg5 hxg5 18. e4 cxd4 19. cxd4 dxe4 20. Bxe4 Bxe4
21. Rxe4 Rac8 22. g4 Kf8 23. Rae1 Red8 24. R1e2 Rc4 25. Rd2 Ke7 26. f3 Rd5 27.
b3 Rc6 28. Kg2 Rcd6 29. f4 gxf4 30. Rxf4 f6 31. Kg3 e5 32. Re4 Rxd4 33. Rdxd4
Rxd4 34. Rxd4 exd4 35. Kf4 Ke6 36. Ke4 d3 37. Kxd3 Kd5 38. a3 g5 39. b4 b5 40.
Ke3 Ke5 41. Kd3 Kf4 42. Kd4 Kg3 43. Kc5 Kxh3 44. Kb6 Kxg4 45. Kxa6 f5 46. Kxb5
f4 47. Kc4 f3 48. Kd3 Kg3 0-1

[Event "I Open Filadelfia.Chess"]
[Site "Filadelfia ITA"]
[Date "2009.12.06"]
[Round "3"]
[White "Tricomi, Massimo"]
[Black "Carlomagno, Vincenzo"]
[Result "1-0"]
[WhiteElo "1916"]
[BlackElo "1569"]
[PlyCount "117"]
[EventDate "2009.12.05"]

1. c4 Nf6 2. Nc3 e6 3. Nf3 b6 4. g3 Bb7 5. Bg2 Be7 6. O-O O-O 7. b3 c5 8. Bb2
Nc6 9. d4 d5 10. cxd5 Nxd5 11. Nxd5 exd5 12. dxc5 Bxc5 13. e3 Ba6 14. Re1 Nb4
15. Bf1 Bxf1 16. Rxf1 f6 17. a3 Nc6 18. b4 Be7 19. Qb3 Kh8 20. Rfd1 Qc7 21.
Rac1 Qb7 22. Qxd5 Rfd8 23. Qe4 Rxd1+ 24. Rxd1 Rd8 25. Nd4 Qd7 26. Rc1 Ne5 27.
Nc6 Nxc6 28. Qxc6 Qg4 29. Qb7 Rd1+ 30. Rxd1 Qxd1+ 31. Kg2 Qd8 32. Bd4 h6 33.
Qxa7 Qd5+ 34. Kg1 Bd8 35. Qb8 Kh7 36. Qc8 b5 37. Qc5 Qd7 38. e4 Kg6 39. Qd5 Qe8
40. Qf5+ Kf7 41. Qh5+ g6 42. Qxh6 Qxe4 43. Qh7+ Ke6 44. Qh3+ f5 45. Bc5 Bg5 46.
Qg2 Qxg2+ 47. Kxg2 Bc1 48. Kf3 Kd5 49. Ke2 Kc4 50. f3 Bxa3 51. g4 fxg4 52. fxg4
Bxb4 53. Bxb4 Kxb4 54. h4 Kc3 55. h5 gxh5 56. gxh5 Kc2 57. h6 b4 58. h7 b3 59.
h8=Q 1-0

[Event "I Open Filadelfia.Chess"]
[Site "Filadelfia ITA"]
[Date "2009.12.06"]
[Round "3"]
[White "Vacchiano, Salvatore"]
[Black "Bellantoni, Corrado"]
[Result "0-1"]
[WhiteElo "1605"]
[BlackElo "1464"]
[PlyCount "60"]
[EventDate "2009.12.05"]

1. e4 c5 2. b4 cxb4 3. d4 d6 4. f4 Qc7 5. Nf3 Bg4 6. Bd3 e6 7. O-O Ne7 8. h3
Bxf3 9. Qxf3 d5 10. e5 Nbc6 11. Be3 g6 12. Nd2 Nf5 13. Nb3 h5 14. g4 hxg4 15.
hxg4 Nxe3 16. Qxe3 a5 17. Rf2 a4 18. Nd2 Qb6 19. Nf3 Nxd4 20. Rd1 Bc5 21. Nxd4
Bxd4 22. Bb5+ Qxb5 23. Qxd4 Rh4 24. Rg2 Rc8 25. Qd3 Qb6+ 26. Qd4 Qxd4+ 27. Rxd4
Rc4 28. Rxc4 dxc4 29. Kf2 Kd7 30. Ke2 Kc6 0-1

[Event "I Open Filadelfia.Chess"]
[Site "Filadelfia ITA"]
[Date "2009.12.06"]
[Round "3"]
[White "Zampaglione, Davide"]
[Black "Battaglia, Domenica"]
[Result "0-1"]
[WhiteElo "1677"]
[BlackElo "1512"]
[PlyCount "65"]
[EventDate "2009.12.05"]

1. d4 e6 2. Nf3 d5 3. e3 Nc6 4. Bd3 Nf6 5. Nbd2 g6 6. c3 Bg7 7. O-O O-O 8. e4
dxe4 9. Nxe4 Nxe4 10. Bxe4 f5 11. Bxc6 bxc6 12. Bf4 Bb7 13. Be5 Qe7 14. Re1
Rfd8 15. Qb3 Bc8 16. Qc4 Bxe5 17. Nxe5 Bb7 18. Nxc6 Bxc6 19. Qxc6 Rab8 20. Rxe6
Qf7 21. b3 Rb6 22. Rxg6+ hxg6 23. Qa4 a6 24. Re1 Re6 25. Ra1 Rde8 26. h3 Re1+
27. Rxe1 Rxe1+ 28. Kh2 Qe6 29. Qa5 Qd6+ 30. g3 f4 31. Qg5 fxg3+ 32. fxg3 Re2+
33. Kg1 0-1

[Event "I Open Filadelfia.Chess"]
[Site "Filadelfia ITA"]
[Date "2009.12.07"]
[Round "4"]
[White "Arnetta, Maria Teresa"]
[Black "Santagati, Alessandro"]
[Result "1-0"]
[WhiteElo "2046"]
[BlackElo "2176"]
[PlyCount "119"]
[EventDate "2009.12.05"]

1. e4 g6 2. d4 Bg7 3. Be3 c5 4. Nc3 Nc6 5. Nf3 cxd4 6. Nxd4 d6 7. Bb5 Bd7 8.
O-O Nf6 9. f3 O-O 10. Nxc6 Bxc6 11. Bxc6 bxc6 12. Qd2 Qa5 13. Nd5 Qd8 14. Nxf6+
Bxf6 15. c3 Qa5 16. f4 Rab8 17. f5 d5 18. fxg6 hxg6 19. Rxf6 exf6 20. Qf2 dxe4
21. Qxf6 Qf5 22. Qh4 Rxb2 23. Bd4 f6 24. Rf1 g5 25. Qg3 Qg6 26. a4 Rd2 27. Qd6
Rf7 28. Qxc6 Rxd4 29. cxd4 e3 30. Qe8+ Kg7 31. Qxe3 Qc2 32. a5 Qa4 33. Qc3 Rd7
34. d5 Rd6 35. Qc7+ Rd7 36. Qc5 Qe4 37. d6 Qd3 38. Re1 Kg6 39. h3 Qxd6 40. Qc8
Rd8 41. Qc2+ Kg7 42. Qb2 Qc5+ 43. Kh1 Qxa5 44. Re7+ Kg6 45. Qc2+ Qf5 46. Rg7+
Kxg7 47. Qxf5 Rf8 48. Kg1 Rf7 49. Kf2 Re7 50. Qc5 Rf7 51. Ke3 Kg6 52. Qc2+ Kg7
53. Kd4 Re7 54. Kd5 Rf7 55. Ke6 Rb7 56. Qc8 Rf7 57. Qd8 Rf8 58. Qe7+ Kg8 59.
Qxa7 Kh8 60. Qe7 1-0

[Event "I Open Filadelfia.Chess"]
[Site "Filadelfia ITA"]
[Date "2009.12.07"]
[Round "4"]
[White "Battaglia, Domenica"]
[Black "Serratore, Vincenzo"]
[Result "0-1"]
[WhiteElo "1512"]
[BlackElo "1909"]
[PlyCount "102"]
[EventDate "2009.12.05"]

1. e4 e5 2. Nf3 Nc6 3. Bc4 Bc5 4. d3 Qe7 5. Nc3 Nf6 6. O-O Na5 7. Bb3 Nxb3 8.
axb3 a6 9. Bg5 c6 10. Ra5 b6 11. Ra1 O-O 12. Na4 Rb8 13. Nxc5 bxc5 14. Re1 d6
15. c3 Qe6 16. c4 Nd7 17. Qc2 f5 18. Bd2 f4 19. Rf1 Qg4 20. h3 Qg6 21. Nh4 Qf6
22. Nf3 Qh6 23. Kh2 Nf6 24. Rh1 Kh8 25. Kg1 g5 26. Qd1 Qg7 27. Nh2 Rg8 28. f3
Qa7 29. Be1 Ne8 30. Bf2 Nc7 31. Ng4 Ne6 32. h4 Nd4 33. Bxd4 cxd4 34. hxg5 Rxg5
35. Nf6 Rg7 36. Ne8 Rg6 37. Rh5 Qe7 38. Nxd6 Qxd6 39. Qc2 Qf6 40. Kf2 Qg7 41.
Rg1 c5 42. Kf1 Be6 43. Rgh1 Bg8 44. R1h2 Qb7 45. Rxe5 Rb6 46. Rxc5 Rxb3 47. g3
fxg3 48. Rg2 Qe7 49. Ra5 Qh4 50. Ra2 Qh1+ 51. Rg1 Qxf3+ 0-1

[Event "I Open Filadelfia.Chess"]
[Site "Filadelfia ITA"]
[Date "2009.12.07"]
[Round "4"]
[White "Bellantoni, Corrado"]
[Black "Soluri, Francesco"]
[Result "0-1"]
[WhiteElo "1464"]
[BlackElo "1640"]
[PlyCount "74"]
[EventDate "2009.12.05"]

1. e4 d6 2. d4 Nf6 3. Bd3 e5 4. d5 Be7 5. c4 b6 6. Nc3 Na6 7. a3 Nc5 8. Bc2 Bd7
9. b4 Nb7 10. Nge2 O-O 11. f3 c5 12. Be3 Qc7 13. b5 Na5 14. Qd3 Qc8 15. Nc1 Ne8
16. Nb3 Nxb3 17. Bxb3 f5 18. h4 f4 19. Bf2 Qd8 20. Kd2 Nf6 21. h5 h6 22. Kc2
Be8 23. g4 fxg3 24. Bxg3 Nxh5 25. Bf2 Nf4 26. Qf1 Bg5 27. Be3 Qf6 28. Kb2 Bg6
29. Bd1 Nh5 30. Bxg5 Qxg5 31. Qf2 Qf4 32. Rg1 Bxe4 33. Nxe4 Qxe4 34. Rg4 Qxg4
35. Bc2 Qxf3 36. Qg1 Ng3 37. Rd1 e4 0-1

[Event "I Open Filadelfia.Chess"]
[Site "Filadelfia ITA"]
[Date "2009.12.07"]
[Round "4"]
[White "Berardi, Emiliano"]
[Black "Mantello, Filippo"]
[Result "0-1"]
[WhiteElo "1503"]
[BlackElo "1640"]
[PlyCount "86"]
[EventDate "2009.12.05"]

1. d4 d5 2. Bf4 Nf6 3. Nf3 e6 4. e3 c5 5. c3 Bd6 6. Bxd6 Qxd6 7. Bd3 c4 8. Bc2
b5 9. a3 O-O 10. Nbd2 Nbd7 11. e4 e5 12. Nxe5 Nxe5 13. dxe5 Qxe5 14. O-O dxe4
15. Re1 Bb7 16. f3 Qc5+ 17. Kf1 exf3 18. Nxf3 Rad8 19. Qe2 Rfe8 20. Qf2 Qh5 21.
h3 a6 22. Rad1 Bxf3 23. Qxf3 Qxf3+ 24. gxf3 h6 25. Rxe8+ Rxe8 26. Rd6 Ra8 27.
Kf2 Kf8 28. Rb6 Ra7 29. Bf5 Ra8 30. Rc6 Nd5 31. Bc8 Ne7 32. Bb7 Nxc6 33. Bxa8
Nb8 34. Ke3 Ke7 35. Kd4 Kd6 36. Bd5 Nc6+ 37. Bxc6 Kxc6 38. Ke5 a5 39. h4 h5 40.
Kf5 Kd6 41. Kg5 Ke5 42. f4+ Ke4 43. f5 Ke5 0-1

[Event "I Open Filadelfia.Chess"]
[Site "Filadelfia ITA"]
[Date "2009.12.07"]
[Round "4"]
[White "Blasco, Domenico"]
[Black "Carbone, Stefano"]
[Result "1/2-1/2"]
[WhiteElo "1968"]
[BlackElo "1758"]
[PlyCount "132"]
[EventDate "2009.12.05"]

1. d4 Nf6 2. Nf3 c5 3. e3 g6 4. Be2 Bg7 5. O-O O-O 6. c4 cxd4 7. Nxd4 d5 8. Nc3
dxc4 9. Bxc4 Qc7 10. Qb3 a6 11. a4 Nbd7 12. Bd2 Ne5 13. Be2 Rd8 14. Rac1 Neg4
15. g3 Qd6 16. Rfd1 h5 17. Be1 Qb8 18. Nf3 Bd7 19. Ng5 e6 20. Bf3 Bc6 21. Bxc6
bxc6 22. Rxd8+ Qxd8 23. Rd1 Qe7 24. Nf3 Qc7 25. Qc4 a5 26. h3 Nh6 27. Nd4 Rc8
28. Rc1 Qb6 29. Nxe6 Nf5 30. Nd4 Nxd4 31. exd4 Qxb2 32. Rd1 Qb7 33. Qc5 Qb4 34.
Ne2 Qxa4 35. Rc1 Qa2 36. Nc3 Qe6 37. Kg2 Rd8 38. Na4 Qe4+ 39. Kg1 Qxd4 40. Qxc6
Qd5 41. Qxd5 Rxd5 42. Rc8+ Bf8 43. Kg2 Kg7 44. Bc3 Bb4 45. Bxb4 axb4 46. Rb8
Rd4 47. Nc5 Rc4 48. Nd3 Nd5 49. Rb7 Kf6 50. Rxf7+ Kxf7 51. Ne5+ Kf6 52. Nxc4 b3
53. Kf3 Nc3 54. Ke3 Nd1+ 55. Kd2 b2 56. Kc2 Nxf2 57. Nxb2 Nxh3 58. Kd2 Kg5 59.
Nd3 Nf2 60. Nxf2 Kf5 61. Ke3 g5 62. Ke2 g4 63. Nd1 Kg5 64. Nf2 h4 65. gxh4+
Kxh4 66. Nxg4 Kxg4 1/2-1/2

[Event "I Open Filadelfia.Chess"]
[Site "Filadelfia ITA"]
[Date "2009.12.07"]
[Round "4"]
[White "Caizzone, Vito"]
[Black "Scerbo, Antonio"]
[Result "1-0"]
[WhiteElo "2149"]
[BlackElo "2095"]
[PlyCount "121"]
[EventDate "2009.12.05"]

1. d4 Nf6 2. c4 g6 3. Nc3 Bg7 4. e4 d6 5. f3 O-O 6. Be3 Nc6 7. Qd2 e5 8. Nge2
a6 9. d5 Ne7 10. Ng3 Ne8 11. Bd3 f5 12. exf5 gxf5 13. Bg5 Nf6 14. Qc2 Qe8 15.
O-O Qg6 16. Bd2 c6 17. Na4 Nd7 18. Rad1 cxd5 19. cxd5 b5 20. Nc3 Nb6 21. Qb3
Kh8 22. Be3 Nd7 23. Qb4 Bb7 24. Qh4 Nf6 25. Bb1 Nfxd5 26. Bg5 Nxc3 27. Bxe7
Nxd1 28. Bxf8 Rxf8 29. Rxd1 d5 30. Qe7 Ba8 31. Rf1 Re8 32. Qd7 e4 33. fxe4 fxe4
34. Rf7 Rf8 35. Rxf8+ Bxf8 36. Qd8 Qg8 37. Kf1 Bg7 38. Qb6 Qe8 39. Nf5 Bxb2 40.
g4 Bg7 41. h4 h5 42. Qc7 Qf8 43. Qf4 Bc6 44. Qg5 hxg4 45. Ke2 Bd7 46. Qh5+ Kg8
47. Nxg7 Kxg7 48. Qg5+ Kh7 49. Qh5+ Qh6 50. Qf7+ Qg7 51. Qh5+ Kg8 52. Qxd5+ Qf7
53. Qg5+ Kf8 54. Bxe4 Qxa2+ 55. Ke3 Qe6 56. h5 Bc6 57. Qd8+ Kf7 58. Qc7+ Bd7
59. Kf4 Qf6+ 60. Kg3 Qe7 61. h6 1-0

[Event "I Open Filadelfia.Chess"]
[Site "Filadelfia ITA"]
[Date "2009.12.07"]
[Round "4"]
[White "Carlomagno, Vincenzo"]
[Black "Dagnino, Marcello"]
[Result "1-0"]
[WhiteElo "1569"]
[BlackElo "1565"]
[PlyCount "69"]
[EventDate "2009.12.05"]

1. e4 c5 2. Nf3 Nc6 3. d4 cxd4 4. Nxd4 e5 5. Nb5 d6 6. N1c3 a6 7. Na3 b5 8. Nd5
Nge7 9. c4 Nd4 10. cxb5 Nxd5 11. exd5 Bb7 12. bxa6 Bxa6 13. Bxa6 Qa5+ 14. Bd2
Qxa6 15. Bc3 Nb5 16. Nxb5 Qxb5 17. Qf3 Be7 18. Qe4 Ra4 19. Qe2 Re4 20. Qxe4 O-O
21. a4 Qa6 22. Qe2 Qc8 23. O-O f5 24. a5 f4 25. f3 Rf6 26. a6 Rg6 27. a7 Qh3
28. a8=Q+ Kf7 29. Kh1 Qh4 30. Be1 Qh5 31. Ra7 Rh6 32. h4 Qg5 33. Kg1 Qg6 34.
Qd8 Qf6 35. Qb5 1-0

[Event "I Open Filadelfia.Chess"]
[Site "Filadelfia ITA"]
[Date "2009.12.07"]
[Round "4"]
[White "Forlano, Luigi"]
[Black "Familari, Giuseppe"]
[Result "0-1"]
[WhiteElo "2018"]
[BlackElo "1832"]
[PlyCount "60"]
[EventDate "2009.12.05"]

1. e4 e6 2. d3 d5 3. Nd2 Nf6 4. Ngf3 b6 5. e5 Nfd7 6. g3 c5 7. c3 Nc6 8. d4 Be7
9. Bb5 Bb7 10. O-O g5 11. dxc5 bxc5 12. Qa4 Qc7 13. c4 a6 14. Bxc6 Bxc6 15. Qc2
g4 16. Ne1 Nxe5 17. f4 Nd7 18. Nd3 h5 19. b3 O-O-O 20. cxd5 Bxd5 21. Bb2 Rhg8
22. Be5 Nxe5 23. fxe5 Bb7 24. Rfe1 h4 25. Rac1 Bg5 26. Nf4 Bxf4 27. gxf4 f6 28.
h3 Rxd2 29. Qxd2 Qc6 30. Kf1 Qf3+ 0-1

[Event "I Open Filadelfia.Chess"]
[Site "Filadelfia ITA"]
[Date "2009.12.07"]
[Round "4"]
[White "Gugliotta, Domenico F."]
[Black "Vacchiano, Salvatore"]
[Result "0-1"]
[WhiteElo "1398"]
[BlackElo "1605"]
[PlyCount "52"]
[EventDate "2009.12.05"]

1. e4 e5 2. Bc4 d6 3. d3 Nf6 4. Nc3 c6 5. Bb3 Be7 6. Ba4 b5 7. Bb3 Ng4 8. Nf3
Qb6 9. O-O a5 10. a3 Be6 11. Bxe6 fxe6 12. Nxe5 Nxe5 13. d4 Ng6 14. Qg4 Nd7 15.
d5 exd5 16. exd5 Nde5 17. Qe6 Rf8 18. h3 Rf6 19. Qg8+ Rf8 20. Qxh7 O-O-O 21.
Qxg7 Qd4 22. dxc6 Nf3+ 23. Kh1 Qxg7 24. Nxb5 Qe5 25. g3 Qxb5 26. Bh6 Rh8 0-1